| 000 | 00406nam a2200169Ia 4500 | ||
|---|---|---|---|
| 003 | 0STCL | ||
| 008 | 150530s9999 xx 000 0 und d | ||
| 040 |
_aSTCL _cSTCL |
||
| 100 | _aDurrant, P.J.; Durrant, B. | ||
| 245 | _aIntroduction to advanced inorganic chemistry | ||
| 250 | _aSecond | ||
| 260 |
_bELBS _c1975 |
||
| 546 | _aEnglish | ||
| 942 |
_2ddc _cBK |
||
| 999 |
_c33254 _d33254 |
||
| 005 | 20220125170308.0 | ||